Manejemos con respeto los recursos naturales de la Selva de Matavén (Registro nro. 18834)

Detalles MARC
000 -CABECERA
Campo de control 00790nam a2200205 4500
005 - FECHA Y HORA DE LA ULTIMA TRANSACCION
Campo de control 20160627140119.0
008 - ELEMENTOS DE LONGITUD FIJA—INFORMACION GENERAL
Campo de control 160627s2004 ck ad|||r|||| 00| 0 spa d
040 ## - FUENTE DE CATALOGACIÓN
Agencia catalogadora original CO-BoIAVH
Agencia transcriptora CO-BoIAVH
041 0# - IDIOMA
Código de idioma para texto/pista de sonido o título separado Español
044 ## - PAÍS DE PUBLICACIÓN
País de publicación Colombia
082 04 - NUMERO DE CLASIFICACION DECIMAL DEWEY
Número de clasificación 333.7
Número del ítem M27r
245 00 - MENCION DE TITULO
Título Manejemos con respeto los recursos naturales de la Selva de Matavén
260 ## - PUBLICACION, DISTRIBUCION, ETC. (PIE DE IMPRENTA)
Lugar de publicación, distribución, etc. Bogotá, Colombia :
Nombre del editor, distribuidor, etc. Fundación Etnollano,
Fecha de publicación, distribución, etc. 2004.
300 ## - DESCRIPCION FISICA
Extensión 28 páginas :
Otros detalles físicos ilustraciones a color y fotografías a color ;
Dimensiones 22 x 24 cm.
650 26 - ASIENTO SECUNDARIO DE MATERIA - TERMINO TEMATICO
Término temático o nombre geográfico como elemento de entrada Recursos naturales
Subdivisión general Gestión
Subdivisión geográfica Selva de Matavén (Colombia)
9 (RLIN) 72291
650 26 - ASIENTO SECUNDARIO DE MATERIA - TERMINO TEMATICO
Término temático o nombre geográfico como elemento de entrada Comunidades rurales
Subdivisión geográfica Selva de Matavén (Colombia)
9 (RLIN) 72292
650 26 - ASIENTO SECUNDARIO DE MATERIA - TERMINO TEMATICO
Término temático o nombre geográfico como elemento de entrada Comunidades indígenas
Subdivisión geográfica Selva de Matavén (Colombia)
9 (RLIN) 72293
710 2# - ASIENTO SECUNDARIO - NOMBRE CORPORATIVO
Nombre corporativo o de jurisdicción como elemento de entrada Fundación Etnollano
9 (RLIN) 72294
942 ## - ELEMENTOS ADICIONALES (KOHA)
Sistema de clasificación Dewey Decimal Classification
Tipo de ítem Libro
Existencias
Withdrawn status Lost status Sistema de Clasificación Damaged status No para préstamo Colección Inventariado Ubicación Permanente Ubicación actual Fecha de adquisición Fuente de Valor Valor Total Checkouts Número topográfico Inventario / Código de Barras Date last seen Ejemplar Price effective from Forma de adquisición Tipo de material
    Dewey Decimal Classification     General Inventariado 2017 Bogotá Bogotá 27/06/2016 Instituto 15000.00   LB-333.7 M27r 040505 27/06/2016 Ej. 1 27/06/2016 Donación Libro